Statistics for Biggest Cities in Luxembourg Quiz

Click here to take the quiz!

General Stats

  • This quiz has been taken 229 times
    (72 since last reset)
  • The average score is 6 of 15

Answer Stats

Population City % Correct
76,684Luxembourg City
100%
28,228Esch-sur-Alzette
71%
6,242Diekirch
62%
5,296Differdange
57%
18,013Dudelange
52%
6,364Ettelbruck
36%
6,006Strassen
29%
4,816Wiltz
28%
5,615Bertrange
26%
5,017Mamer
26%
3,958Grevenmacher
26%
7,437Bettembourg
24%
7,187P├ętange
24%
8,155Schifflange
16%
5,313Belvaux
5%

Score Distribution

Percentile by Number Answered

Percent of People with Each Score

Your Score History

You have not taken this quiz since the last reset